000 00516nam a2200217Ia 4500
003 0100
008 130303s9999 xx 000 0 und d
040 _cARRUPELIB
050 _aB765.T54B7 1951
100 _aBryar, William
245 _aSt. Thomas and the existence of God
245 _bthree Interpretations
260 _aChicago
260 _bHenry Regnery Company
260 _C1951
300 _a252p.
300 _b 21cm.
650 _aPHILOSOPHY
650 _bPhilosophy--History
942 0 0 _02
999 _c55862
_d55862